|
|
|
|
| LEADER |
00000nam a2200000 a 4500 |
| 001 |
vtls001433925 |
| 003 |
SK-MaSNL |
| 005 |
20260301013327.0 |
| 008 |
240314s2001 xo aae r yy slo |
| 015 |
|
|
|a SNBA2002/08-02749
|
| 020 |
|
|
|a 8096732447
|
| 035 |
|
|
|a SNK000388998
|
| 035 |
|
|
|a urn:nbn:sk:snk-amti94
|
| 035 |
|
|
|a urn:nbn:sk:snk-am00c51y
|
| 035 |
|
|
|a DAE44149-4ECF-4FD9-BAB5-EC74BFCBAF36
|
| 040 |
|
|
|a SNK
|b slo
|c SNK
|e AACR2
|
| 041 |
0 |
|
|a slo
|
| 044 |
|
|
|a xo
|c SK
|
| 080 |
|
|
|a 582.28(035)
|2 1981
|
| 080 |
|
|
|a 641.5
|2 1981
|
| 100 |
1 |
|
|a Jordan, Peter
|4 aut
|9 11209
|
| 240 |
1 |
0 |
|a The ultimate mushroom book
|l Slovensky
|
| 245 |
1 |
0 |
|a Veľká kniha o hubách
|b úplný návod na zbieranie, určovanie a použitie húb vrátane ich fotografií a 100 originálnych receptov
|c Peter Jordan a Steven Wheeler ; [z anglického originálu preložili Ivona Kautmanová a Milada Pauleová]
|
| 260 |
|
|
|a Bratislava
|b Trio Publishing
|b Perfekt
|c 2001
|
| 300 |
|
|
|a 255 s.
|b fareb. fotogr.
|c 31 cm
|
| 500 |
|
|
|a Fareb. fotogr. na tit. strane a front. Ilustr. na predsádkach
|
| 500 |
|
|
|a Údaj o prekl. prevzatý z rubu tit. strany
|
| 500 |
|
|
|a Celkove 2. vyd.
|
| 504 |
|
|
|a Bibliogr. s. 255. Slovníček. Reg. húb a receptov
|
| 650 |
0 |
7 |
|a huby
|x príručky
|2 SNK
|9 288553
|
| 655 |
|
7 |
|a príručky
|2 SNK
|9 74364
|
| 655 |
|
7 |
|a obrazové publikácie
|2 SNK
|9 70343
|
| 700 |
1 |
|
|a Wheeler, Steven
|4 aut
|9 41015
|
| 700 |
1 |
|
|a Kautmanová, Ivona,
|d 1961-
|4 trl
|9 104882
|
| 700 |
1 |
|
|a Pauelová, Milada,
|d 1946-
|4 trl
|9 46179
|
| 919 |
|
|
|a 80-967324-4-7
|
| 958 |
|
|
|a TL
|
| 958 |
|
|
|a OP
|
| 958 |
|
|
|a NS
|
| 958 |
|
|
|a GB
|
| 968 |
|
|
|b ENG
|
| 999 |
|
|
|c 555813
|d 557743
|
| 952 |
|
|
|t P60, <03>, [BOOK], {603}
|a SNK
|b SNK
|y PREZ
|7 0
|p 17A0343562
|o snkSB 65010
|i snkKSP 5632/2002
|0 0
|1 0
|4 0
|d 2002-05-15
|f 1
|l 0
|r 2017-06-30 00:00:00
|w 2026-02-23
|
| 952 |
|
|
|t P60, <04>, [BOOK], {604}
|a SNK
|b SNK
|y VYP
|7 0
|p 17A0343563
|o snkSB 65010 D1
|i snkKSP 5633/2002
|0 0
|1 0
|4 0
|d 2002-05-15
|l 0
|r 2005-01-02 00:00:00
|w 2026-02-23
|
| 952 |
|
|
|t snkJOR 582.2
|a SNKUST
|b SNKUST
|y PREZ
|7 0
|p 17A0359675
|o snkSB 65010 D2
|i snkKSP 12509/2002
|0 0
|1 0
|4 0
|d 2002-10-11
|l 0
|r 2025-03-19 00:00:00
|w 2026-02-23
|